Kumpulan puisi : mandala sukma

Bibliographic Details
Main Author: Zulfazlan Jumrah
Format: Book
Published: Kuala Lumpur : Institut Terjemahan & Buku Malaysia Berhad , 2013
Subjects:

MARC

LEADER 00000cam a2200000 7i4500
001 0000183111
005 20140610.0
020 |a 9789674302054 
090 0 0 |a 899.231   |b ZUL 
100 0 |a Zulfazlan Jumrah 
245 1 0 |a Kumpulan puisi :   |b mandala sukma   |c Zulfazlan Jumrah 
260 |a Kuala Lumpur :   |b Institut Terjemahan & Buku Malaysia Berhad ,   |c 2013 
300 |a 131p. ;   |c 18cm. 
650 0 0 |a Malay poetry   |x Collections 
650 0 0 |a Sajak 
999 |a 00296102   |b BUKU   |c PINJAMAN   |e PERPUSTAKAAN KOMUNITI PETALING JAYA